00742nam a2200241 a 4500001001300000003000900013005001700022008004100039020001000080082001600090100002000106245007100126260005500197300000900252500003500261505001000296650001900306650001100325902000800336942000700344952013200351999001700483nice12345678IN_TiNIC20260116013550.0050524s1993 cola grp 000 0 eng  ac94000a295.38bWIL aWilliams, Ron G aRitual Art and Knowledgeb Acsthetic Theory and Zoroastrian Ritual aColumbiabUniversity of South Caroline Pressc1993 a200p aincludes index and biblioraphy2 aIndex aZoroastrianism aRitual bSRS cBK 001040708StackRoom-aHMIbHMId2007-07-30g940.00l1m1o295.38 WILp017667r2019-09-25s2019-08-08v940.00w2005-05-24yBK c11492d11492